Регионална библиотека "Любен Каравелов" - Русе

Златю Бояджиев - виденията на великия майстор (Запис номер 160394)

MARC детайли
000 -Лидер
Контролно поле с фиксирана дължина 01774nam a2200421 c 4500
003 - Код на организацията, давaща контролен номер
Контролно поле BLK
005 - Дата и час на последна редакция
Контролно поле 20180420234603.0
008 - Елементи от данни с фиксирана дължина
fixed length control field 180410b bul|||||r ||||||| ||bul||
010 ## - Наследен системен номер
LC control number KNG00167603000
020 ## - Международен стандартен номер на книга ISBN
Международен стандартен номер на книга ISBN 978-954-491-935-1
-- издат.: Жанет 45 - (твърди кор.)
020 ## - Международен стандартен номер на книга ISBN
Международен стандартен номер на книга ISBN 978-954-491-934-4
-- издат.: Жанет 45 - (меки кор.)
040 ## - Източник на каталожния запис
Идентификатор на билиотеката - собственик на записа BLK
041 ## - Код за език
Код за езика на текст/звукозапис или на отделно заглавие Български
Код за езика КДБФ Български
072 #7 - Код за тематичната категория
Код организация bullib
Код за тематична категория Н70
Текст Изкуства Н
080 ## - УДК
Текстов определител УДК Живопис - художници
УДК код - определител по УДК 75.071.1
УДК определител (497.2)(092)
УДК - код + определител 75.071.1(497.2)(092)
080 ## - УДК
Текстов определител УДК Български художник (1903-1976)
УДК код - определител по УДК 929 Бояджиев, Златю Георгиев
УДК определител
УДК - код + определител 929 Бояджиев, Златю Георгиев
100 1# - Редна дума - Автор
Автор Пампулов, Димитър
Авторска отговорност първи автор
R(LIN) 298797
139 ## - Редно поле
Редна дума Пампулов, Димитър
Авторски знак Боя - Б 73
245 10 - Сведения за заглавието
Заглавие Златю Бояджиев - виденията на великия майстор
Редно поле (дума) Димитър Пампулов.
257 ## - Страна на издаване
Страна на създаване/издаване България
260 ## - Област на издателските данни
-- Пловдив
Име на издателя, разпространителя и проч. Жанет 45
Година на издаване 2013
300 ## - Физическа характеристика
Страници 375 с.
Илюстрации и др. с цв. ил., портр.
Размери/Мащаб 24 см
380 ## - Жанр
Жанр Изкуство
500 ## - Общи забележки
Забележка Съдържа и Биографични данни.
600 14 - Име на лице, използвано като предмет
За него / За нея Бояджиев, Златю Георгиев
9 (RLIN) 247485
650 #4 - Допълнително описание по предмет – тема
Основно описание – тема или топоним Бояджиев, Златю Георгиев
9 (RLIN) 247485
650 #4 - Допълнително описание по предмет – тема
Основно описание – тема или топоним Художници, български
9 (RLIN) 246650
651 #4 - Допълнително описание по предмет - топоним
Географско понятие България
9 (RLIN) 241624
653 ## - Ключова дума – ненормативна
Ключова дума Златю Бояджиев
653 ## - Ключова дума – ненормативна
Ключова дума български художници
653 ## - Ключова дума – ненормативна
Ключова дума Бараците
659 ## - Тематичен бюлетин
Тематичен бюлетин Н
852 ## - Местоположение
Форматна сигнатура Цб 271572
856 4# - Електронен адрес и достъп
Електронен формат pdf - файл
Път до файла /url/
856 4# - Електронен адрес и достъп
Електронен формат pdf - файл
Път до файла /url/
942 ## - АРТИКУЛИ
Вид на библиотечния материал Книги
Скрит в OPAC Не
944 ## - СЪЗДАВАНЕ И РЕДАКЦИЯ на ЗАПИСА
Създаване/Редакция Създаване
Дата на регистрацията/редакция 25.11.2014
Статус, дата на статуса ф /
Служител, извършил регистрацията/редакцията Виолета_Тройчева
944 ## - СЪЗДАВАНЕ И РЕДАКЦИЯ на ЗАПИСА
Създаване/Редакция Редакция
Дата на регистрацията/редакция 24.01.2015
Статус, дата на статуса ф /
Служител, извършил регистрацията/редакцията Пенка_Димитрова
999 ## - СИСТЕМНИ КОНТРОЛНИ НОМЕРА
Koha biblionumber 160394
Koha biblioitemnumber 160394
Наличности
Код за отписване Код за изгубен артикул Източник на класификационната схема Код за повреда Коз за рестрикции Код за отдаване Артикулен № Име на библиотеката - собственик Име на библиотеката, в която се намира в момента Статус (Текущо местоположение) Дата на вписване в системата Местоположение - отдел Цена в лева Инвентарен номер Систематично азбучна сигнатура Баркод Номер на екземпляра Цена в евро Служебна бележка Служебен тип на артикула
  Не е изгубен Universal Decimal Classification Не е повреден без рестрикции заемане за дома 268035 Регионална библиотека "Любен Каравелов" Русе Регионална библиотека "Любен Каравелов" Русе Отдел Изкуство - подръчен фонд 2014-11-28 Отдел Изкуство - подръчен фонд 17.00 120000782896 75(497.2)(092)/Б 73 120000782896 1 8.69 Дост: Pk Вид: Ф N: 417 Дата: 21.11.2014 Книги
  Не е изгубен Universal Decimal Classification Не е повреден само за читалня ползва се в читалня 268036 Регионална библиотека "Любен Каравелов" Русе Регионална библиотека "Любен Каравелов" Русе Хранилище 2015-01-24 Хранилище 17.00 120000784542 Цб 271572 120000784542 2 8.69 Дост: Dp Вид: Д N: 19 Дата: 11.04.2014 Книги
Vip Innovations Ltd, Rousse, Bulgaria 2025